LEADER
01235nam a2200397 4500
001
DLU090094591
005
##20091201
040
#
#
|a DLU
|b eng
041
#
#
|a eng
044
#
#
|a us
245
#
#
|a Partitioning of metal species during an enriched fuel combustion experiment. Speciation in the gaseous and particulate phases /
|c Marie-Pierre Pavageau ... [et al.].
653
#
#
|a Aerosols
653
#
#
|a Air pollution
653
#
#
|a Cryoextraction
653
#
#
|a Gas chromatography
653
#
#
|a ICP mass spectroscopy
653
#
#
|a Low temperature
653
#
#
|a Multicomponent analysis
700
#
#
|a Donard, Olivier F. X.
700
#
#
|a Guimon, Claude.
700
#
#
|a Krupp, Eva.
700
#
#
|a Morin, Anne.
700
#
#
|a Pavageau, Marie-Pierre.
700
#
#
|a Pecheyran, Christophe.
700
#
#
|a Poulleau, Jean.
700
#
#
|a Seby, Fabienne.
773
#
#
|t Environmental Science & Technology
|g Vol. 38, no. 7 (April 2004), p. 2252-2263
920
#
#
|a Phòng Tạp chí -- Trung tâm Thông tin - Thư viện Trường Đại học Đà Lạt
994
#
#
|a DLU
900
#
#
|a True
911
#
#
|a Trương Bảo Trâm Anh
925
#
#
|a G
926
#
#
|a A
927
#
#
|a BB
980
#
#
|a Thư viện Trường Đại học Đà Lạt